000 00881cam a22002771 4500
999 _c127424
_d127424
001 10427597
003 ARRUPE
005 20180117114546.0
008 800630m19709999fr b 000 0 fre
010 _a 75529562
015 _aF*** (v.1)
035 _a(OCoLC)6469770
040 _aDLC
_cICMcC
_dOCoLC
_dDLC
042 _apremarc
050 0 0 _aBV35
_b.A52
100 1 _aAndronikof, Constantin.
_938582
245 1 3 _aLe sens des fêtes
_cConstantin Andronikof.
260 _aParis,
_bÉditions du Cerf,
_c1970-
300 _a309p. ;
_c20 cm.
490 0 _aBibliothèque œcuménique, 11. Série orthodoxe
504 _aIncludes bibliographical references.
505 1 _at. 1. Le cycle fixe.
650 0 _aFasts and feasts
_xOrthodox Eastern Church.
_938583
906 _a7
_bcbc
_coclcrpl
_du
_encip
_f19
_gy-gencatlg
942 _2lcc
_cMONOGRAPH